<?xml version="1.0" encoding="UTF-8"?>
<record
    xmlns:xsi="http://www.w3.org/2001/XMLSchema-instance"
    xsi:schemaLocation="http://www.loc.gov/MARC21/slim http://www.loc.gov/standards/marcxml/schema/MARC21slim.xsd"
    xmlns="http://www.loc.gov/MARC21/slim">

  <leader>01420nam a2200301   4500</leader>
  <controlfield tag="001">114284</controlfield>
  <controlfield tag="003">DR-UNIBE</controlfield>
  <controlfield tag="005">20251210105450.0</controlfield>
  <controlfield tag="008">251205b2025    pr ||||| |||| 00| 1 spa d</controlfield>
  <datafield tag="020" ind1=" " ind2=" ">
    <subfield code="a">9781950792887</subfield>
  </datafield>
  <datafield tag="040" ind1=" " ind2=" ">
    <subfield code="a">BIBLIOTECA UNIBE</subfield>
    <subfield code="b">spa</subfield>
    <subfield code="c">BIBLIOTECA UNIBE</subfield>
    <subfield code="e">rda</subfield>
  </datafield>
  <datafield tag="041" ind1=" " ind2=" ">
    <subfield code="a">spa</subfield>
  </datafield>
  <datafield tag="090" ind1=" " ind2=" ">
    <subfield code="a">FBIU - EEDP NI SA235L </subfield>
  </datafield>
  <datafield tag="100" ind1="1" ind2="0">
    <subfield code="a">Santis, G&#xE9;raldine de, </subfield>
    <subfield code="d">1980-</subfield>
    <subfield code="9">53457</subfield>
    <subfield code="e">autor</subfield>
  </datafield>
  <datafield tag="245" ind1="1" ind2="3">
    <subfield code="a">La temible banda de los atracadores de sue&#xF1;os /</subfield>
    <subfield code="c">Geraldin de Santis ; ilustraciones de interior dise&#xF1;o de portada: Wi-Hen Fung ; foto de autor: Onasis Paulino ; diagramaci&#xF3;n: Linette Cubano Garc&#xED;a ; pr&#xF3;logo : Dulce Elvira de los Santos</subfield>
  </datafield>
  <datafield tag="250" ind1=" " ind2=" ">
    <subfield code="a">Primera edici&#xF3;n</subfield>
  </datafield>
  <datafield tag="260" ind1=" " ind2=" ">
    <subfield code="a">Hato Rey, Puerto Rico :</subfield>
    <subfield code="b">Editorial EDP,</subfield>
    <subfield code="c">2025</subfield>
  </datafield>
  <datafield tag="300" ind1=" " ind2=" ">
    <subfield code="a">166 p&#xE1;ginas :</subfield>
    <subfield code="b">ilustraciones a color ;</subfield>
    <subfield code="c">20 x 12</subfield>
  </datafield>
  <datafield tag="500" ind1=" " ind2=" ">
    <subfield code="a">Premio Anual de Literatura Infantil y Juvenil "Aurora Tav&#xE1;rez Belliard" 2023. Incluye datos del autor al final de la obra</subfield>
  </datafield>
  <datafield tag="653" ind1=" " ind2="7">
    <subfield code="a"> Novela infantil dominicana</subfield>
  </datafield>
  <datafield tag="653" ind1=" " ind2="7">
    <subfield code="a">Literatura infantil dominicana</subfield>
  </datafield>
  <datafield tag="653" ind1=" " ind2="7">
    <subfield code="a">Espionaje - Novela infantil dominicana</subfield>
  </datafield>
  <datafield tag="700" ind1="1" ind2="0">
    <subfield code="a">Fung, Wi-Hen</subfield>
    <subfield code="9">126967</subfield>
    <subfield code="e">dise&#xF1;ador de portada</subfield>
    <subfield code="e">ilustrador</subfield>
  </datafield>
  <datafield tag="700" ind1="1" ind2="0">
    <subfield code="a">Paulino, Onasis</subfield>
    <subfield code="9">201302</subfield>
    <subfield code="e">fot&#xF3;grafo del autor</subfield>
  </datafield>
  <datafield tag="700" ind1="1" ind2="0">
    <subfield code="a">Cubano Garc&#xED;a, Linnette</subfield>
    <subfield code="9">201303</subfield>
    <subfield code="e">diagramador</subfield>
  </datafield>
  <datafield tag="700" ind1="1" ind2="0">
    <subfield code="a">Santos, Dulce Elvira de los,</subfield>
    <subfield code="d">1964-</subfield>
    <subfield code="q">(Santos Mata, Dulce Elvira de los)</subfield>
    <subfield code="9">60846</subfield>
    <subfield code="e">prologuista</subfield>
  </datafield>
  <datafield tag="942" ind1=" " ind2=" ">
    <subfield code="2">ddc</subfield>
    <subfield code="c">BK</subfield>
  </datafield>
  <datafield tag="999" ind1=" " ind2=" ">
    <subfield code="c">114284</subfield>
    <subfield code="d">114284</subfield>
  </datafield>
  <datafield tag="952" ind1=" " ind2=" ">
    <subfield code="0">0</subfield>
    <subfield code="1">0</subfield>
    <subfield code="2">ddc</subfield>
    <subfield code="7">1</subfield>
    <subfield code="8">FBIU</subfield>
    <subfield code="a">Principal</subfield>
    <subfield code="d">2025-10-11</subfield>
    <subfield code="l">0</subfield>
    <subfield code="o">FBIU-EEDP NI S235L </subfield>
    <subfield code="p">FBIU0925</subfield>
    <subfield code="r">2025-12-05 11:00:36</subfield>
    <subfield code="t">Ej.1 </subfield>
    <subfield code="w">2025-12-05</subfield>
    <subfield code="y">BK-RES</subfield>
  </datafield>
</record>
